| 000 | 00871 a2200181 4500 | ||
|---|---|---|---|
| 003 | NUST | ||
| 005 | 20230125131206.0 | ||
| 020 | _a0521706785 | ||
| 040 |
_aDLC _bDLC |
||
| 082 | _a428.24,GRE | ||
| 100 |
_aGrellet, Francoise. _9314 |
||
| 245 |
_aDeveloping reading skills: a practical guide to reading comprehension exercises / _cFrancoise Grellet |
||
| 260 |
_aNew York : _bCambridge University Press, _cc1981. |
||
| 300 |
_a252 p. : _bill. ; _c21 cm. |
||
| 505 | _aTo the reader (Page-2), Introduction (Page-2), Reading and reading comprehension (Page-3), Reading comprehension exercise types (Page-12), Reading techniques (Page-28), How the aim is conveyed (Page-90), Understanding meaning (Page-130), Assessing the text (Page-239). | ||
| 650 |
_a1.English language--Study and teaching--Foreign speakers. 2.Reading comprehension. _9614 |
||
| 942 |
_cBK _2ddc _k428.24,GRE |
||
| 999 |
_c484280 _d484280 |
||